Detalles MARC
| 000 -LIDER |
| fixed length control field |
01133nam a2200349 b 4500 |
| 001 - NÚMERO DE CONTROL |
| Identificador de número de control |
00893 |
| 003 - IDENTIFICACDOR DE NÚMERO DE CONTROL |
| control field |
DO-SdBNP |
| 005 - DATE AND TIME OF LATEST TRANSACTION |
| control field |
20171214114811.0 |
| 007 - CAMPOS FIJOS DE DESCRIPCIÓN FÍSICA |
| fixed length control field |
00893 |
| 008 - ELEMENTOS DE LONGITUD FIJA |
| fixed length control field |
980622s2007 mx | ||| ||spa |
| 016 7# - NO. DE CONTROL DE LA AGENCIA BIB. NACIONAL |
| Record control number |
|
| Source |
BPMSU |
| 017 ## - NÚMERO DE REGISTRO DE DERECHOS DE AUTOR |
| Copyright or legal deposit number |
|
| Assigning agency |
|
| 020 ## - ISBN |
| International Standard Book Number |
9789707708570 |
| 035 ## - NÚMERO LOCAL |
| System control number |
|
| 040 ## - FUENTE DE CATALOGACIÓN |
| Agencia que crea de manera original el registro |
BPMSU |
| Idioma de catalogación |
spa |
| Agencia que realiza la transcripción |
BPMSU |
| Convenciones de la despripción |
|
| 080 #0 - NÚMERO DE CLASIFICACIÓN DECIMAL UNIVERSAL |
| Universal Decimal Classification number |
|
| 082 ## - NÚMERO DE CLASIFICACIÓN DECIMAL DE DEWEY |
| Classification number |
104 |
| Item number |
F399a |
| 100 ## - ASIENTO PRINCIPAL -- NOMBRE PERSONAL |
| Nombre personal |
Ferry, Luc, |
| Fechas asociadas con el nombre |
1951- |
| 111 2# - ASIENTO PRINCIPAL--NOMBRE DE REUNIÓN O CONFERENCIA |
| Nombre de reunión o jurisdicción como elemento de entrada |
Concurso de Experiencias Escolares |
| Número de la parte, sección o reunión |
19º |
| Fecha de la reunión |
1997 |
| Lugar de la reunión |
Madrid |
| 245 10 - MENCIÓN DE TITULO |
| Título |
Aprender a vivir juntos : |
| Medio (Designación general de material) |
|
| Subtítulo |
filosofía para mentes jóvenes / |
| Mención de responsabilidad |
Luc Ferry ; tradución de Sandra Chaparro Martínez. |
| 260 ## - PUBLICACIÓN, DISTRIBUCIÓN, ETC. (PIE DE IMPRENTA) |
| Lugar de publicación, distribución, etc |
Madrid : |
| Nombre del editor, distribuidor, etc. |
Taurus, |
| Fecha de publicación, distribución, etc |
2007 |
| 300 ## - DESCRIPCIÓN FÍSICA |
| Extensión |
133 p. : |
| Otros detalles físicos |
il.; |
| Dimensiones |
23 cm |
| 490 ## - MENCIÓN DE SERIES |
| Mención de serie |
Taurus |
| -- |
pensamiento |
| 650 #7 - ENCABEZAMIENTO DE MATERIA--TEMÁTICO |
| Término temático o nombre geográfico como elemento de entrada |
FILOSOFÍA- ENSAYOS, CONFERENCIAS, etc |
| Subdivisión temática general |
|
| Fuente del encabezamiento o término |
|
| 650 #7 - ENCABEZAMIENTO DE MATERIA--TEMÁTICO |
| Término temático o nombre geográfico como elemento de entrada |
HISTORIA DE LA FILOSOFÍA |
| Subdivisión de forma |
ENSAYOS, CONFERENCIAS, etc |
| 650 #7 - ENCABEZAMIENTO DE MATERIA--TEMÁTICO |
| Término temático o nombre geográfico como elemento de entrada |
COSMOLOGÍA |
| Subdivisión de forma |
ENSAYOS, CONFERENCIAS, etc |
| 700 ## - ASIENTO SECUNDARIO -- NOMBRE PERSONAL |
| Nombre personal |
Chaparro Martínez, Sandra, |
| Mención de responsabilidad |
tr. |
| 830 ## - ASIENTO SECUNDARIO DE SERIE--TÍTULO UNIFORME |
| Título uniforme |
Taurus |
| Nombre de la parte o sección de una obra |
pensamiento |
| 942 ## - ADDED ENTRY ELEMENTS (KOHA) |
| Source of classification or shelving scheme |
Dewey Decimal Classification |
| Koha item type |
Libros |
| 945 ## - INFORMACIÓN DE PROCESAMIENTO LOCAL |
| Información de procesamiento local |
inventariado extranjero / DG |
| 956 ## - LOCAL ELECTRONIC LOCATION AND ACCESS (OCLC) |
| Nombre de host |
VMATEO |
| Número de acceso |
10 |
| Información de compresión |
20160805 |
| Trayectoria |
BPMSU |
| Nombre Electrónico |
0069 |